00477nam a2200133Ia 4500008004100000041000800041082002500049100001700074245002200091260003100113300000900144999001900153952017100172230411s9999 xx 000 0 und d aeng aS/617.917/DIX/B01995 aDixon Eileen aTheatre Technique bN R BrothersaIndorec2003 a294p c153228d153228 001040708SaBTINbBTINd2004-10-26eMedical Book Company.g120.00i9110l0oS 617.917 DIX B01995pBTIN-BK-1995r2023-04-11 00:00:00v108.00w2005-07-15yBKzB01995